[Event "QA-ANNIV-04"]
[Site "http://www.queenalice.com/game.php?id=514302"]
[Date "2008.12.29"]
[Round "4"]
[White "Pagano"]
[Black "I_might_be_a_duck"]
[Result "1-0"]
[WhiteElo "1998"]
[BlackElo "1657"]

1. f4 e6 2. e4 d5 3. e5 Ne7 4. Nf3 h6 5. d4 Nf5 6. Bd3 f6 7. O-O Qe7 8. exf6
Qxf6 9. Ne5 Be7 10. Qh5+ Kf8 11. Ng6+ Kg8 12. Nxh8 Kxh8 13. g4 g6 14. Qh3 Nh4
15. g5 Qg7 16. Qxh4 h5 17. Be3 a6 18. Nd2 Nc6 19. c3 Bd7 20. Nf3 Rf8 21. Rf2 Be8
22. Raf1 Kg8 23. Qh3 a5 24. Qxe6+ Bf7 25. Qh3 Nd8 26. f5 Bd6 27. fxg6 Bxg6 28.
Bxg6 Qxg6 29. Nh4 Qe4 30. Rxf8+ Bxf8 31. Qf3 Qe8 32. Qxd5+ Nf7 33. Nf5 c6 34.
Nh6+ Bxh6 35. Qxf7+ Qxf7 36. Rxf7 Kxf7 37. gxh6 1-0

[Event "QA-ANNIV-04"]
[Site "http://www.queenalice.com/game.php?id=578025"]
[Date "2009.4.26"]
[Round "5"]
[White "I_might_be_a_duck"]
[Black "MusicMan"]
[Result "0-1"]
[WhiteElo "1688"]
[BlackElo "1573"]

1. e4 d5 2. exd5 Qxd5 3. Nc3 Qd6 4. Bc4 Nf6 5. d3 a6 6. a3 b5 7. Ba2 Bb7 8. Be3
Bxg2 9. Qd2 Bxh1 10. O-O-O Qxh2 0-1

[Event "Challenge"]
[Site "http://www.queenalice.com/game.php?id=683079"]
[Date "2009.11.14"]
[Round "-"]
[White "thedead"]
[Black "I_might_be_a_duck"]
[Result "0-1"]
[WhiteElo "1524"]
[BlackElo "1667"]

1. e4 e5 2. Nf3 Nc6 3. d3 Bc5 4. h3 Nge7 5. c3 a6 6. Be2 h6 7. O-O d5 8. Nbd2
Ng6 9. Re1 O-O 10. Qc2 Nf4 11. Bf1 Qf6 12. exd5 Qg6 13. Nh4 Nxh3+ 0-1

[Event "AUTO-INT-1544"]
[Site "http://www.queenalice.com/game.php?id=695943"]
[Date "2009.12.10"]
[Round "1"]
[White "I_might_be_a_duck"]
[Black "papilon_br"]
[Result "1-0"]
[WhiteElo "1676"]
[BlackElo "1654"]

1. e4 e5 2. f4 d5 3. Qh5 exf4 4. Qe5+ Be6 5. Qxf4 Bd6 6. e5 Be7 7. Nf3 Nc6 8.
Bb5 Nh6 9. O-O O-O 10. d4 Nf5 11. Nc3 h6 12. Bd3 g5 13. Qd2 Bb4 14. Bxf5 Bxf5
15. h4 Bxc3 16. bxc3 gxh4 17. Qxh6 f6 18. Nxh4 Bxc2 19. exf6 Rxf6 20. Rxf6 Qe7
21. Qg5+ Qg7 22. Qxd5+ Kh8 23. Qh5+ Kg8 24. Qd5+ Kh8 25. Rh6+ Bh7 26. Ng6+ 1-0

[Event "AUTO-INT-1544"]
[Site "http://www.queenalice.com/game.php?id=695944"]
[Date "2009.12.10"]
[Round "1"]
[White "papilon_br"]
[Black "I_might_be_a_duck"]
[Result "1-0"]
[WhiteElo "1675"]
[BlackElo "1677"]

1. e4 e5 2. Nf3 Nc6 3. Bb5 Qf6 4. Nc3 Bc5 5. Bxc6 bxc6 6. d3 h6 7. O-O Ne7 8.
Qe2 d5 9. exd5 cxd5 10. Qxe5 Qg6 11. Nxd5 Rb8 12. Nxc7+ Kf8 13. Qxc5 Bh3 14. Nh4
Qg4 15. g3 Bxf1 16. Kxf1 Qd7 17. Bf4 g5 18. Ne6+ Qxe6 19. Bxb8 Kg7 20. Qe5+ Qf6
21. Qxf6+ Kxf6 22. Bxa7 Ra8 23. Bd4+ 1-0

[Event "AUTO-INT-1544"]
[Site "http://www.queenalice.com/game.php?id=695945"]
[Date "2009.12.10"]
[Round "1"]
[White "I_might_be_a_duck"]
[Black "saoud1954"]
[Result "1-0"]
[WhiteElo "1706"]
[BlackElo "1330"]

1. e4 Nc6 2. Bc4 e5 3. a3 Bc5 4. Qf3 Qf6 5. b4 Be7 6. d3 Nd4 7. Qd1 d6 8. h3 Be6
9. Nd2 Qg6 10. g4 Nf6 11. Ndf3 Bxc4 12. Nxd4 exd4 13. f4 Nd7 14. f5 Qf6 15. dxc4
c5 16. Bb2 Ne5 17. h4 g6 18. g5 Qg7 19. f6 Bxf6 20. gxf6 Qxf6 21. Qe2 O-O 22.
O-O-O 1-0

[Event "AUTO-INT-1544"]
[Site "http://www.queenalice.com/game.php?id=695946"]
[Date "2009.12.10"]
[Round "1"]
[White "saoud1954"]
[Black "I_might_be_a_duck"]
[Result "0-1"]
[WhiteElo "1332"]
[BlackElo "1704"]

1. e4 e5 2. Nf3 d6 3. Bc4 Bg4 4. d3 h6 5. h3 Bh5 6. Be3 a6 7. Nbd2 Nc6 8. g4 Bg6
9. Qe2 Nge7 10. O-O-O b5 11. Bb3 Na5 12. Kb1 d5 13. Nxe5 Qd6 14. a3 Qxe5 15. d4
Qd6 16. e5 Qc6 17. f4 Nxb3 18. Nxb3 Be4 19. Nc5 Bxh1 20. Rxh1 Nc8 21. f5 Nb6 22.
Bf4 Bxc5 0-1

[Event "AUTO-INT-1544"]
[Site "http://www.queenalice.com/game.php?id=695947"]
[Date "2009.12.10"]
[Round "1"]
[White "I_might_be_a_duck"]
[Black "arkadiusz42"]
[Result "1-0"]
[WhiteElo "1661"]
[BlackElo "1634"]

1. e4 e5 2. f4 exf4 3. Nf3 Qe7 4. Bc4 Nc6 5. O-O d6 6. d4 Qxe4 7. Re1 Qe7 8.
Rxe7+ Bxe7 9. Bxf4 Nf6 10. Nc3 Be6 11. Bxe6 fxe6 12. Qe2 Nd5 13. Nxd5 exd5 14.
Qe6 Rf8 15. Bg5 Nd8 16. Qxe7# 1-0

[Event "AUTO-INT-1544"]
[Site "http://www.queenalice.com/game.php?id=695948"]
[Date "2009.12.10"]
[Round "1"]
[White "arkadiusz42"]
[Black "I_might_be_a_duck"]
[Result "0-1"]
[WhiteElo "1619"]
[BlackElo "1691"]

1. e4 e5 2. Qh5 Nc6 3. Bc4 g6 4. Qf3 Nf6 5. g4 Nd4 6. Qc3 Nxe4 7. Qd3 Nc5 8. Qc3
d6 9. h3 Qf6 10. b4 Ne4 11. Qd3 Qxf2+ 12. Kd1 Qf4 13. Ne2 Nf2+ 14. Ke1 Nxd3+ 15.
Bxd3 Nxe2 16. Bxe2 b6 17. Rf1 Qg3+ 18. Rf2 Bb7 19. Bf1 O-O-O 20. Nc3 Bg7 21. Ne2
Qh4 22. d3 Rhe8 23. Ng1 e4 24. Be3 Bxa1 25. d4 Qg3 26. Ne2 Qxe3 27. Bg2 Bxd4 28.
Rf4 Ba6 29. Bf1 Bc3+ 0-1

[Event "AUTO-INT-1544"]
[Site "http://www.queenalice.com/game.php?id=741825"]
[Date "2010.3.6"]
[Round "2"]
[White "I_might_be_a_duck"]
[Black "Altos"]
[Result "1-0"]
[WhiteElo "1702"]
[BlackElo "1622"]

1. e4 c5 2. Bc4 e6 3. Nc3 Nc6 4. a3 a6 5. Nf3 Bd6 6. O-O Nf6 7. d4 b6 8. e5 Nxd4
9. exd6 Bb7 10. Bg5 Nxf3+ 11. gxf3 O-O 12. Ne4 Bxe4 13. fxe4 Qc8 14. e5 Ne8 15.
Kh1 Qc6+ 16. Kg1 Kh8 17. Qg4 g6 18. Be2 f5 19. Qh4 Qe4 20. Qxe4 fxe4 21. f3 1-0

[Event "AUTO-INT-1544"]
[Site "http://www.queenalice.com/game.php?id=741826"]
[Date "2010.3.6"]
[Round "2"]
[White "Altos"]
[Black "I_might_be_a_duck"]
[Result "0-1"]
[WhiteElo "1631"]
[BlackElo "1730"]

1. e4 e5 2. Bc4 Nf6 3. Nf3 Nxe4 4. Nxe5 Qe7 5. d4 Nd6 6. O-O Nxc4 7. Nxc4 d5 8.
Ne3 Be6 9. c3 Nc6 10. Nd2 g5 11. Nb3 O-O-O 12. Nc5 h5 13. Nxe6 Qxe6 14. Re1 Qd7
15. b4 Ne7 16. Qd3 h4 17. h3 f5 18. Nc2 g4 19. hxg4 fxg4 20. Kf1 Qd6 21. Re5 h3
22. gxh3 Rxh3 23. Qe2 g3 24. Bf4 gxf2 25. Qxf2 Rxc3 26. a3 Qd7 27. Ke1 Qh3 28.
Re3 Qh1+ 29. Kd2 Rxc2+ 30. Kxc2 Qxa1 31. Kd3 Nf5 32. Re1 Qxa3+ 0-1

[Event "AUTO-INT-1544"]
[Site "http://www.queenalice.com/game.php?id=741827"]
[Date "2010.3.6"]
[Round "2"]
[White "I_might_be_a_duck"]
[Black "markmooney"]
[Result "0-1"]
[WhiteElo "1708"]
[BlackElo "1824"]

1. e4 c5 2. Bc4 Nc6 3. f4 e6 4. Nf3 a6 5. a3 b5 6. Ba2 Bb7 7. d3 f6 8. O-O Bd6
9. Re1 Qc7 10. g3 h6 11. d4 cxd4 12. Nxd4 Nxd4 13. Qxd4 Bc5 14. Qxc5 Qxc5+ 0-1

[Event "AUTO-INT-1544"]
[Site "http://www.queenalice.com/game.php?id=741828"]
[Date "2010.3.6"]
[Round "2"]
[White "markmooney"]
[Black "I_might_be_a_duck"]
[Result "0-1"]
[WhiteElo "1865"]
[BlackElo "1697"]

1. c4 e5 2. Nc3 Bc5 3. e3 Nc6 4. Nf3 Qf6 5. Ne4 Qe7 6. Nxc5 Qxc5 7. a3 Nf6 8. b4
Qe7 9. Bb2 d6 10. d4 Bg4 11. d5 Nd8 12. Be2 b6 13. h3 Bh5 14. g4 Bg6 15. Qa4+
Nd7 16. h4 O-O 17. Nd2 h6 18. h5 Bh7 19. Rh3 f5 20. Rg3 fxg4 21. Bxg4 Nf6 22.
Be2 Qf7 23. Qd1 Nxh5 24. Bxh5 Qxf2# 0-1

[Event "AUTO-INT-1654"]
[Site "http://www.queenalice.com/game.php?id=752268"]
[Date "2010.3.27"]
[Round "1"]
[White "Luca74"]
[Black "I_might_be_a_duck"]
[Result "1-0"]
[WhiteElo "1668"]
[BlackElo "1720"]

1. e4 e5 2. Nf3 Nc6 3. Bb5 Qf6 4. O-O a6 5. Ba4 Bc5 6. Qe2 h6 7. Nc3 Nge7 8. a3
Qg6 9. b4 Ba7 10. Nd5 O-O 11. Nxe5 Nxe5 12. Nxe7+ 1-0

[Event "AUTO-INT-1654"]
[Site "http://www.queenalice.com/game.php?id=752269"]
[Date "2010.3.27"]
[Round "1"]
[White "I_might_be_a_duck"]
[Black "Luca74"]
[Result "1-0"]
[WhiteElo "1715"]
[BlackElo "1686"]

1. e4 c5 2. Bc4 e6 3. a3 d5 4. Bb5+ Bd7 5. Nc3 Nf6 6. Bxd7+ Nbxd7 7. d3 Bd6 8.
Nf3 Qa5 9. O-O d4 10. Ne2 e5 11. Ng3 O-O 12. Nf5 Qb6 13. N3h4 a5 14. g4 g5 15.
Nh6+ Kg7 16. Bxg5 Qxb2 17. Qd2 Qc3 18. Qe2 c4 19. Qf3 Qxc2 20. N4f5+ Kg6 21. Bh4
Qxd3 22. Qg2 Bxa3 23. g5 Nxe4 24. Rxa3 Qxa3 25. Qxe4 Kh5 26. Ng7# 1-0

[Event "AUTO-INT-1654"]
[Site "http://www.queenalice.com/game.php?id=752280"]
[Date "2010.3.27"]
[Round "1"]
[White "BALASH"]
[Black "I_might_be_a_duck"]
[Result "1/2-1/2"]
[WhiteElo "1386"]
[BlackElo "1753"]

1. e4 e5 2. Nf3 Nc6 3. a3 b6 4. b4 Bb7 5. Nc3 Nf6 6. Bc4 h6 7. d3 Nd4 8. h3 Qe7
9. Be3 Qd6 10. Nh4 g6 11. Nf3 a6 12. O-O c5 13. b5 a5 14. a4 Nh5 15. Nd5 Be7 16.
c3 Ne6 17. g4 Nhg7 18. Qd2 O-O-O 19. Bxh6 Rh7 20. Nxe7+ Qxe7 21. Bxg7 Nxg7 22.
Kh2 Rdh8 23. Ng5 Rh4 24. Rg1 f6 25. Nf7 Rxh3+ 26. Kg2 d5 27. Nxh8 Rxh8 28. Rh1
Rxh1 29. Rxh1 dxc4 30. Rh8+ Kc7 31. dxc4 Bxe4+ 32. f3 Bb7 33. Rh7 Qf8 34. Qh6
Kd6 35. Rxg7 Qe8 36. Rxg6 Bc8 37. Rxf6+ Be6 38. f4 e4 39. Kf2 Kd7 40. Rxe6 Qxe6
41. Qg7+ Kd6 42. Ke3 Qxc4 43. Qe5+ Kd7 44. Qg7+ Kc8 45. Qf8+ Kd7 46. Qf5+ Kd8
47. Qf6+ Ke8 48. Qe5+ Kf7 49. f5 Qd3+ 50. Kf4 Qf3+ 51. Kg5 Qe3+ 52. Kh4 Qh6+ 53.
Kg3 Qe3+ 54. Kh4 Qh6+ 55. Kg3 Qe3+ 56. Kh4 1/2-1/2

[Event "AUTO-INT-1654"]
[Site "http://www.queenalice.com/game.php?id=752281"]
[Date "2010.3.27"]
[Round "1"]
[White "I_might_be_a_duck"]
[Black "BALASH"]
[Result "1-0"]
[WhiteElo "1751"]
[BlackElo "1393"]

1. e4 e5 2. f4 Nc6 3. Nf3 Bd6 4. Bc4 h6 5. O-O Nf6 6. d3 Na5 7. fxe5 Nxc4 8.
dxc4 Bc5+ 9. Kh1 Nxe4 10. Nbd2 Nf2+ 11. Rxf2 Bxf2 12. Ne4 Bb6 13. a4 d6 14. exd6
O-O 15. Ne5 Bf5 16. Ng3 cxd6 17. Nd3 Bg6 18. Bd2 Bxd3 19. cxd3 Qh4 20. Qf3 Rae8
21. Rf1 g6 22. Ne4 Re6 23. b4 f5 24. a5 Bd4 25. Ng3 f4 26. Qd5 Re8 27. Rxf4 Qe7
28. Rxd4 Kg7 29. h3 Re5 30. Qf3 Rf8 31. Qg4 Rf6 32. Nh5+ Kf7 33. Nxf6 Qxf6 34.
Rf4 Rf5 35. Rxf5 gxf5 36. Qh5+ Kg7 37. Bxh6+ Kg8 38. Qe8+ Kh7 39. Bf4 Kg7 40.
Qd7+ Kg6 41. Bxd6 Qa1+ 42. Kh2 Qf6 43. c5 f4 44. Qxb7 f3 45. gxf3 Qb2+ 46. Kg3
Qc1 47. Bf4 Qg1+ 48. Kh4 Qf2+ 49. Bg3 Qd4+ 50. Qe4+ 1-0

[Event "AUTO-INT-1654"]
[Site "http://www.queenalice.com/game.php?id=752288"]
[Date "2010.3.27"]
[Round "1"]
[White "I_might_be_a_duck"]
[Black "Constantino"]
[Result "0-1"]
[WhiteElo "1720"]
[BlackElo "1682"]

1. e4 e5 2. f4 Nc6 3. Nf3 d5 4. exd5 Qxd5 5. Nc3 Qa5 6. Bc4 Bg4 7. O-O Qc5+ 8.
Kh1 Qxc4 9. d3 Qb4 10. Nd5 Qd6 11. c4 Nd4 12. fxe5 Qc5 13. b4 Bxf3 14. gxf3 Qc6
15. b5 Qc5 16. Ba3 Qxa3 17. Nxc7+ Kd8 18. Nxa8 Bc5 19. Qd2 Ne7 20. Qg5 g6 21.
Qf6 Rf8 22. b6 h5 23. Rf2 Qxd3 24. bxa7 Nc6 25. Qg5 Bxf2 26. Nb6 Qxf3+ 27. Qg2
Nxe5 28. a8=Q+ Nc8 29. Qxf3 Nxf3 30. Qxc8+ Ke7 31. Nd5+ Kd6 32. Qxf8+ Ke5 33.
Qxf7 Ke4 34. Qxb7 g5 35. Nf6+ Kf4 36. Nxh5+ Ke3 37. Nf6 Nd2 38. Ng4+ Ke2 39.
Nxf2 Kxf2 0-1

[Event "AUTO-INT-1654"]
[Site "http://www.queenalice.com/game.php?id=752289"]
[Date "2010.3.27"]
[Round "1"]
[White "Constantino"]
[Black "I_might_be_a_duck"]
[Result "1-0"]
[WhiteElo "1663"]
[BlackElo "1739"]

1. e4 e5 2. Nf3 Nc6 3. c4 Bc5 4. Nc3 Nf6 5. g3 Ng4 6. Qe2 Bxf2+ 7. Qxf2 Nxf2 8.
Kxf2 O-O 9. Nd5 d6 10. d3 Nd4 11. Nxd4 exd4 12. Be2 Bh3 13. Bf4 c6 14. Nb4 Qf6
15. Rac1 Rae8 16. Kf3 Re7 17. c5 d5 18. exd5 g5 19. Bf1 gxf4 20. Bxh3 fxg3+ 21.
Kxg3 Re3+ 22. Kg2 Qg5+ 23. Kf1 Rxh3 24. Rg1 Rf3+ 25. Ke2 Re3+ 26. Kf2 Qxg1+ 27.
Rxg1+ Kh8 28. dxc6 bxc6 29. Nxc6 Rc8 30. Nxd4 Rxd3 31. Nf5 h5 32. b4 Rd2+ 33.
Ke3 Rxa2 34. Ng7 Rxh2 35. Kd4 Rg8 36. c6 Rxg7 37. Rxg7 Kxg7 38. c7 Rc2 39. b5
1-0

[Event "AUTO-OPEN-1966"]
[Site "http://www.queenalice.com/game.php?id=770801"]
[Date "2010.5.5"]
[Round "1"]
[White "Kalev17"]
[Black "I_might_be_a_duck"]
[Result "0-1"]
[WhiteElo "1678"]
[BlackElo "1742"]

1. d4 d5 2. Nf3 Bf5 3. Bf4 Nc6 4. e3 a6 5. Ne5 Nxe5 6. Bxe5 h6 7. c3 Nf6 8. Nd2
e6 9. h3 Be7 10. g4 Bh7 11. f4 Ne4 12. Bg2 f6 13. Nxe4 dxe4 14. Qb3 fxe5 15.
fxe5 Rf8 16. Qxe6 a5 17. d5 Ra6 18. d6 cxd6 19. exd6 Rxd6 20. Qb3 Bh4+ 21. Ke2
Rd2# 0-1

[Event "AUTO-OPEN-1966"]
[Site "http://www.queenalice.com/game.php?id=770802"]
[Date "2010.5.5"]
[Round "1"]
[White "I_might_be_a_duck"]
[Black "Kalev17"]
[Result "0-1"]
[WhiteElo "1757"]
[BlackElo "1746"]

1. e4 c6 2. Bc4 d5 3. exd5 cxd5 4. Bb3 Nf6 5. Nf3 Nc6 6. O-O Bf5 7. d3 e6 8. Nc3
Bd6 9. Nh4 Bg6 10. Ba4 Nd7 11. Bxc6 bxc6 12. Nxg6 Bxh2+ 13. Kxh2 hxg6+ 14. Kg1
Qh4 15. f3 Qh2+ 16. Kf2 Qh4+ 17. Ke2 Qg3 18. Be3 Qxg2+ 19. Rf2 Qg3 20. Qd2 c5
21. Raf1 d4 22. Bf4 dxc3 23. bxc3 Qh3 24. Bd6 Qf5 25. c4 a5 26. Qc3 Rh7 27. Qb3
Qf6 28. Qb7 Rd8 29. Bc7 Qc3 30. Bxd8 Kxd8 31. Ke3 Qe5+ 32. Kd2 Rh2 33. Qa8+ Ke7
34. Qxa5 Qf4+ 35. Kd1 Rxf2 36. Rxf2 Qd4 37. Re2 Qg1+ 38. Re1 Qf2 39. Qa8 Qd4 40.
Qh8 Qa1+ 41. Kd2 Qf6 42. Ke2 Ne5 43. Rf1 Nc6 44. Kd1 Qa1+ 45. Ke2 Nd4+ 46. Kf2
Qb2 47. Qh4+ f6 48. Qf4 Qxc2+ 49. Kg1 Ne2+ 0-1

[Event "AUTO-OPEN-1966"]
[Site "http://www.queenalice.com/game.php?id=770825"]
[Date "2010.5.5"]
[Round "1"]
[White "I_might_be_a_duck"]
[Black "Janivgm"]
[Result "1-0"]
[WhiteElo "1739"]
[BlackElo "1779"]

1. e4 e5 2. f4 exf4 3. Nf3 Nc6 4. Bc4 f6 5. O-O Bc5+ 6. Kh1 d6 7. a4 Nh6 8. d4
Bb6 9. Bxf4 g5 10. Bg3 Ng4 11. Nxg5 fxg5 12. Bf7+ Ke7 13. d5 Ne3 14. Qf3 Nxf1
15. Qxf1 Rf8 16. dxc6 Rxf7 17. Qd3 bxc6 18. Nc3 Rb8 19. Re1 Ba5 20. e5 d5 21. e6
Bxe6 22. Qe3 Rf6 23. Qc5+ Kf7 24. Qxa5 Rxb2 25. Bxc7 Qd7 26. Be5 Rf2 27. Bd4
Rbxc2 28. Bxf2 Rxf2 29. Qc5 Rf6 30. Ne2 h5 31. Nd4 Bg4 32. h3 Bxh3 33. Nf3 Bxg2+
34. Kxg2 Qg4+ 35. Kh2 Qxf3 36. Qe7+ Kg6 37. Qe8+ Kf5 38. Qe5+ Kg6 39. Qe8+ Rf7
40. Qg8+ Kf6 41. Qh8+ Rg7 42. Qh6+ Kf5 43. Qe6+ Kf4 44. Qf6+ Kg4 45. Rg1+ 1-0

[Event "AUTO-OPEN-1966"]
[Site "http://www.queenalice.com/game.php?id=770826"]
[Date "2010.5.5"]
[Round "1"]
[White "Janivgm"]
[Black "I_might_be_a_duck"]
[Result "1-0"]
[WhiteElo "1763"]
[BlackElo "1755"]

1. e4 e5 2. Nf3 Nc6 3. Nc3 a6 4. Bc4 h6 5. d3 Bc5 6. Qe2 Nf6 7. h3 O-O 8. a3 b5
9. Bb3 d6 10. Nd5 Nxd5 11. Bxd5 Bd7 12. b4 Bb6 13. Be3 Rc8 14. O-O Kh8 15. c4
Nd4 16. Nxd4 exd4 17. Bd2 c6 18. c5 Ba7 19. Bb3 d5 20. exd5 Re8 21. Qf3 Bb8 22.
d6 Be6 23. Bxe6 fxe6 24. Rfe1 a5 25. Qg4 Qd7 26. Qxd4 a4 27. Bxh6 Kg8 28. Qg4
Rf8 29. Rxe6 Rf7 30. Rae1 Rcf8 31. f3 Kh8 32. d4 Kh7 33. Qe4+ Kh8 34. Bf4 Rxf4
35. Qe5 Qf7 36. Re8 Rxe8 37. Qxe8+ Kh7 38. Qxb8 Qc4 39. d7 Qxd4+ 40. Kh1 Qxd7
41. Qxf4 1-0

[Event "AUTO-OPEN-1966"]
[Site "http://www.queenalice.com/game.php?id=770827"]
[Date "2010.5.5"]
[Round "1"]
[White "I_might_be_a_duck"]
[Black "GridKnit"]
[Result "0-1"]
[WhiteElo "1757"]
[BlackElo "2087"]

1. e4 d6 2. f4 g6 3. Nf3 Bg7 4. d4 Nd7 5. Bc4 Ngf6 6. Qe2 O-O 7. O-O Nb6 8. Bb3
a5 9. a3 a4 10. Ba2 Nfd7 11. Nc3 Ra5 12. f5 gxf5 13. exf5 Rxf5 14. Bd2 e5 15.
Nh4 Rxf1+ 16. Rxf1 Qxh4 17. Qf3 exd4 18. Ne2 Ne5 19. Qf2 Qxf2+ 20. Rxf2 Be6 21.
Bb1 Nbc4 22. Bc1 c5 23. Ng3 f5 24. Nh5 b5 25. Ba2 Kh8 26. Nf4 Bg8 27. g3 d5 28.
h4 Re8 29. Kh2 Ng4+ 30. Kg1 Nxf2 31. Kxf2 Bh6 32. Kf3 Bxf4 33. Bxf4 Bf7 34. Bg5
Bh5+ 35. Kf4 Bg4 36. h5 Re4# 0-1

[Event "AUTO-OPEN-1966"]
[Site "http://www.queenalice.com/game.php?id=770828"]
[Date "2010.5.5"]
[Round "1"]
[White "GridKnit"]
[Black "I_might_be_a_duck"]
[Result "1-0"]
[WhiteElo "2090"]
[BlackElo "1754"]

1. e4 e5 2. Nf3 Nc6 3. Bb5 Nf6 4. O-O Bc5 5. Bxc6 bxc6 6. d3 Qe7 7. c3 a5 8. Bg5
O-O 9. d4 exd4 10. cxd4 h6 11. Bxf6 Qxf6 12. dxc5 d6 13. cxd6 cxd6 14. Nc3 Qg6
15. Kh1 f5 16. exf5 Bxf5 17. Nh4 Qf6 18. Nxf5 Qxf5 19. Qxd6 Qc2 20. Qxc6 Qxb2
21. Qc4+ Kh8 22. Rab1 Qc2 23. Rbc1 Qd2 24. Qe2 Qf4 25. Nd5 Qd6 26. Ne3 Rae8 27.
h3 Re7 28. Rfd1 Qg6 29. Rc5 Ref7 30. Ng4 Qb6 31. Rc2 h5 32. Ne5 Rxf2 33. Qxh5+
Kg8 34. Rxf2 Qxf2 35. Nf3 Qe2 36. Qd5+ Kh8 37. Rd4 Rxf3 38. Rh4# 1-0